| 000 | 00000nam##2200000za#4500 |
| 001 | 9.602213 |
| 003 | CaOODSP |
| 005 | 20210624210446 |
| 007 | cr ||||||||||| |
| 008 | 150406|2000||||xxc|||||o f|0| 0 fre|d |
| 040 | |aCaOODSP|bfre |
| 043 | |an-cn--- |
| 086 | 1 |aNH18-24/17F-PDF |
| 110 | 2 |aSociété canadienne d'hypothèques et de logement. |
| 245 | 10|aImportance des ventilateurs de cuisine et de salle de bains |h[ressource électronique] |
| 260 | |aOttawa - Ontario : |bSociété canadienne d'hypothèques et de logement |cc2000. |
| 300 | |a4p. |
| 490 | 1 |aVotre maison |vCF17 |
| 590 | |a11-23-Supp|b2011-10-17 |
| 691 | 07|aÉquipement ménager|2gcpds |
| 775 | 08|tThe importance of bathroom and kitchen fans |w(CaOODSP)9.571789 |
| 776 | 0#|tImportance des ventilateurs de cuisine et de salle de bains |w(CaOODSP)9.625698 |
| 830 | #0|aVotre maison ;|vCF17|w(CaOODSP)9.501787 |
| 856 | 40|ahttp://publications.gc.ca|qPDF|s59 Ko|uhttps://publications.gc.ca/collections/Collection/NH18-24-17F.pdf|yCF17 |